Countries and Body Parts Quiz Stats

 Plays Quiz not verified by Sporcle

Score 0/20 Timer 16:00
0 Plays Today
Body part Country % Correct
ARMDenmark, Germany...
94.3%
EYESeychelles, Yemen
88.7%
HIPCzech Republic, Ethiopia...
79.2%
BILEBelgium, Belize, Liberia
77.4%
ANUSBurkina Faso, Guinea-Bissau...
71.7%
VEINBosnia and Herzegovina, Slovenia, Vietnam
71.7%
NOSEIndonesia, Micronesia...
64.2%
SOLEEl Salvador, Lesotho...
64.2%
NAPENepal, Singapore
62.3%
LEGBangladesh, Belgium...
62.3%
Body part Country % Correct
BRAINAzerbaijan, Bahrain
60.4%
TIBIAKiribati, Trinidad and Tobago
60.4%
WRISTSwitzerland
54.7%
STERNUMTurkmenistan, United Arab Emirates
54.7%
INTESTINELiechtenstein
54.7%
SINUSGuinea-Bissau, United States of America
52.8%
PANCREASSao Tome and Principe
50.9%
AORTACosta Rica, Croatia...
50.9%
TOENAILEquatorial Guinea
45.3%
HEARTNetherlands, North Korea...
43.4%

You're not logged in!

Compare scores with friends on all Sporcle quizzes.
OR
Log In

Show Comments

Extras

Created Feb 18, 2012ReportNominate
Tags:Country Quiz, Body Parts

Top Quizzes Today


Score Distribution

Your Account Isn't Verified!

In order to create a playlist on Sporcle, you need to verify the email address you used during registration. Go to your Sporcle Settings to finish the process.

Report this User

Report this user for behavior that violates our Community Guidelines.

Details: